00254nam a2200085Ia 4500001000800000005001700008008004100025245005000066260005200116125316020251031150948.0251031s9999 xx 000 0 und d 0cLIANE SCHNEIDERaU-5 ELİF KAMPA GİDİYOR bTÜRKİYE İŞ BANKASI KÜLTÜR YAYINLARI